[Event "Titled Tuesday intern op 23rd Jan Late"]
[Site "Chess.com INT"]
[Date "2024.01.23"]
[Round "6"]
[White "Haitin, Ilja"]
[Black "Lenoir Ibacache, Gabriel Alberto"]
[Result "1-0"]
[WhiteElo "2284"]
[BlackElo "2225"]
[PlyCount "99"]
[EventDate "2024.01.23"]
[EventType "swiss (blitz)"]
[EventRounds "11"]
[EventCountry "USA"]
[SourceTitle "CB05_2024"]
[SourceDate "2024.01.31"]
[SourceVersion "1"]
[SourceVersionDate "2024.01.31"]
[SourceQuality "1"]

1. Nf3 d5 2. g3 Bf5 3. Bg2 c6 4. 0-0 e6 5. c4 Nf6 6. Qb3 Qc7 7. d3 Nbd7 8. Nc3 Bd6 9. cxd5 exd5 10. e4 dxe4 11. dxe4 Bg4 12. h3 Bxf3 13. Bxf3 0-0 14. Bg5 Bxg3 15. Bxf6 Bh2+ 16. Kh1 Nxf6 17. Ne2 Be5 18. Rg1 Qc8 19. Bg4 Nxg4 20. Rxg4 Qe6 21. Qf3 Bxb2 22. Rag1 g6 23. Nf4 Qe5 24. h4 Qc3 25. Qg2 Rae8 26. h5 Qe5 27. f3 Bd4 28. Rb1 Be3 29. hxg6 fxg6 30. Nxg6 hxg6 31. Rxg6+ Kf7 32. Rxb7+ Re7 33. Rg7+ Qxg7 34. Rxe7+ Kxe7 35. Qxg7+ Rf7 36. Qe5+ Kf8 37. Qb8+ Kg7 38. Kg2 Bf4 39. Qb2+ Kf8 40. Qc2 Rf6 41. Qc5+ Kf7 42. Qxa7+ Ke6 43. Qb7 Kd6 44. Qb8+ Kc5 45. Qb2 Rg6+ 46. Kf2 Kd6 47. Qd4+ Ke6 48. Qc4+ Kd6 49. a4 Be5 50. a5 1-0

[Event "Titled Tuesday intern op 23rd Jan Late"]
[Site "Chess.com INT"]
[Date "2024.01.23"]
[Round "9"]
[White "Haitin, Ilja"]
[Black "Rose, Felix"]
[Result "1-0"]
[WhiteElo "2284"]
[BlackElo "2091"]
[PlyCount "65"]
[EventDate "2024.01.23"]
[EventType "swiss (blitz)"]
[EventRounds "11"]
[EventCountry "USA"]
[SourceTitle "CB05_2024"]
[SourceDate "2024.01.31"]
[SourceVersion "1"]
[SourceVersionDate "2024.01.31"]
[SourceQuality "1"]

1. Nf3 d5 2. g3 Nf6 3. Bg2 e6 4. 0-0 Be7 5. c4 dxc4 6. Na3 c5 7. Nxc4 Nc6 8. b3 0-0 9. Bb2 Bd7 10. Rc1 Rc8 11. Nce5 Nxe5 12. Nxe5 Qa5 13. Nxd7 Nxd7 14. Bxb7 Rc7 15. Bf3 Qxa2 16. Qc2 Qa5 17. Ra1 Qb6 18. Bc3 Rcc8 19. Ra2 Bf6 20. Rfa1 Bxc3 21. Qxc3 Rc7 22. Ra6 Qb8 23. R1a4 Rd8 24. Rg4 g6 25. h4 h5 26. Rg5 Kf8 27. Bc6 Qb4 28. Qh8+ Ke7 29. Qg7 Nb8 30. Ra4 Qxb3 31. Rf4 Rxc6 32. Rxf7+ Kd6 33. Qe5# 1-0

[Event "Keres Memorial rap 33rd"]
[Site "Tallinn"]
[Date "2024.01.07"]
[Round "11"]
[White "Haitin, Ilja"]
[Black "Rychagov, Nikita1"]
[Result "1/2-1/2"]
[WhiteElo "2284"]
[BlackElo "2157"]
[PlyCount "131"]
[EventDate "2024.01.06"]
[EventType "swiss (rapid)"]
[EventRounds "11"]
[EventCountry "EST"]
[SourceTitle "CB02_2024"]
[SourceDate "2024.01.10"]
[SourceVersion "1"]
[SourceVersionDate "2024.01.10"]
[SourceQuality "1"]

1. Nf3 d5 2. g3 c5 3. Bg2 Nc6 4. d4 Nf6 5. 0-0 e6 6. c4 dxc4 7. Ne5 Bd7 8. Nxc4 cxd4 9. Bf4 Be7 10. Nd6+ Kf8 11. Qb3 Nh5 12. Nxb7 Qb6 13. Rc1 Nxf4 14. gxf4 Rc8 15. Na3 g6 16. Qxb6 axb6 17. Nc4 Rc7 18. Nxb6 Rxb7 19. Nxd7+ Rxd7 20. Bxc6 Ra7 21. a4 Bd6 22. Rc4 Bxf4 23. Rxd4 Be5 24. Rd8+ Ke7 25. Rxh8 Bxh8 26. Ra2 Kd6 27. Bb5 Kc5 28. b3 Bc3 29. Bc4 e5 30. Rc2 Kb4 31. Rc1 Bd2 32. Rd1 Kc3 33. Kg2 f5 34. e3 Kc2 35. Rh1 Bb4 36. h4 h6 37. Rh3 Be7 38. h5 g5 39. Rf3 f4 40. exf4 gxf4 41. Rd3 Bc5 42. Rd5 Rg7+ 43. Kf3 Bd4 44. a5 Rg5 45. a6 Rxh5 46. Rd7 Rh1 47. Rb7 Kc3 48. Bd5 Ra1 49. Rc7+ Kb4 50. Bc4 Ra2 51. Rb7+ Kc3 52. Rh7 Rxf2+ 53. Ke4 Rh2 54. Bd5 Re2+ 55. Kf5 Ra2 56. Rxh6 Ra5 57. Bc4 Kb4 58. Ke4 Ra1 59. Rh7 Re1+ 60. Kf3 Ra1 61. Rb7+ Kc3 62. Re7 Kb4 63. Ke4 Re1+ 64. Kf3 Ra1 65. Ke4 Re1+ 66. Kf3 1/2-1/2

[Event "Titled Tuesday intern op 14th Nov Early"]
[Site "Chess.com INT"]
[Date "2023.11.14"]
[Round "6"]
[White "Feuerstack, Aljoscha"]
[Black "Haitin, Ilja"]
[Result "1-0"]
[WhiteElo "2462"]
[BlackElo "2281"]
[PlyCount "79"]
[EventDate "2023.11.14"]
[EventType "swiss (blitz)"]
[EventRounds "11"]
[EventCountry "USA"]
[SourceTitle "CB47_2023"]
[SourceDate "2023.11.22"]
[SourceVersion "1"]
[SourceVersionDate "2023.11.22"]
[SourceQuality "1"]

1. e4 e5 2. Bc4 Nc6 3. Nc3 Nf6 4. d3 Na5 5. Qf3 Nxc4 6. dxc4 Bb4 7. Nge2 d6 8. 0-0 Be6 9. b3 0-0 10. Bg5 h6 11. Bxf6 Qxf6 12. Qxf6 gxf6 13. Nd5 Ba5 14. Nxf6+ Kg7 15. Nh5+ Kg6 16. Nhg3 h5 17. f4 Bb6+ 18. Kh1 exf4 19. Nxf4+ Kg5 20. Nfxh5 Rh8 21. Nf4 Bd4 22. Rad1 Be5 23. Nxe6+ fxe6 24. Rd3 c5 25. h3 Raf8 26. Rdf3 Rxf3 27. Rxf3 Bxg3 28. Rxg3+ Kf4 29. Rd3 Rd8 30. g4 Kxe4 31. Kg2 d5 32. Kg3 d4 33. h4 Rf8 34. h5 Rf1 35. Kg2 Rf4 36. Rg3 Rf8 37. h6 Rh8 38. g5 Kf4 39. g6 Rxh6 40. g7 1-0

[Event "Titled Tuesday intern op 14th Nov Early"]
[Site "Chess.com INT"]
[Date "2023.11.14"]
[Round "2"]
[White "Haitin, Ilja"]
[Black "Harshavardhan, GB."]
[Result "0-1"]
[WhiteElo "2281"]
[BlackElo "2390"]
[PlyCount "72"]
[EventDate "2023.11.14"]
[EventType "swiss (blitz)"]
[EventRounds "11"]
[EventCountry "USA"]
[SourceTitle "CB47_2023"]
[SourceDate "2023.11.22"]
[SourceVersion "1"]
[SourceVersionDate "2023.11.22"]
[SourceQuality "1"]

1. Nf3 Nf6 2. g3 g6 3. b3 Bg7 4. Bb2 0-0 5. Bg2 d5 6. c4 c6 7. 0-0 Bg4 8. d3 Nbd7 9. Nbd2 Qc7 10. h3 Bf5 11. Nd4 e5 12. Nxf5 gxf5 13. Nf3 f4 14. Nh4 Nh5 15. e4 Nhf6 16. exd5 cxd5 17. gxf4 dxc4 18. dxc4 Rad8 19. Qc2 Nh5 20. Nf5 Nxf4 21. Nxg7 Kxg7 22. Qe4 f6 23. Bf3 Nc5 24. Qf5 Rd3 25. Kh1 Kh8 26. Bg4 h5 27. Rad1 hxg4 28. Rxd3 Ncxd3 29. Ba3 Qc8 30. hxg4 Qxf5 31. gxf5 Rf7 32. f3 Rh7+ 33. Kg1 Rg7+ 34. Kh1 Rg2 35. Be7 Kg7 36. Rg1 Nf2# 0-1

[Event "Titled Tuesday intern op 14th Nov Early"]
[Site "Chess.com INT"]
[Date "2023.11.14"]
[Round "7"]
[White "Haitin, Ilja"]
[Black "Ozates, Tuna"]
[Result "0-1"]
[WhiteElo "2281"]
[BlackElo "2309"]
[PlyCount "82"]
[EventDate "2023.11.14"]
[EventType "swiss (blitz)"]
[EventRounds "11"]
[EventCountry "USA"]
[SourceTitle "CB47_2023"]
[SourceDate "2023.11.22"]
[SourceVersion "1"]
[SourceVersionDate "2023.11.22"]
[SourceQuality "1"]

1. Nf3 b6 2. e4 Bb7 3. Nc3 e5 4. Nxe5 Nc6 5. Nf3 Bc5 6. d4 Bb4 7. d5 Nce7 8. Qd4 Bxc3+ 9. Qxc3 Nf6 10. Bd3 0-0 11. 0-0 c6 12. d6 Ng6 13. e5 Nd5 14. Qd4 f6 15. c4 c5 16. Qg4 Nb4 17. Bxg6 hxg6 18. Nh4 f5 19. Qg3 f4 20. Qg4 g5 21. Ng6 Re8 22. Qh5 Re6 23. Ne7+ Rxe7 24. dxe7 Qxe7 25. a3 Nc2 26. Rb1 Nd4 27. Bd2 Be4 28. Rbd1 Bd3 29. Rfe1 Bxc4 30. Bc3 Ne6 31. Rd6 Rf8 32. h4 gxh4 33. Qg4 f3 34. gxf3 Bb5 35. Red1 Bc6 36. Kh2 Bxf3 37. Qg6 Bxd1 38. Rxd1 Rxf2+ 39. Kh1 Rf3 40. Bd2 Rh3+ 41. Kg2 Rg3+ 0-1

[Event "Titled Tuesday intern op 26th Sep Early"]
[Site "Chess.com INT"]
[Date "2023.09.26"]
[Round "8"]
[White "Dilmukhametov, Artur"]
[Black "Haitin, Ilja"]
[Result "1-0"]
[WhiteElo "2276"]
[BlackElo "2284"]
[PlyCount "83"]
[EventDate "2023.09.26"]
[EventType "swiss (blitz)"]
[EventRounds "11"]
[EventCountry "USA"]
[SourceTitle "EXT 2024"]
[Source "ChessBase"]
[SourceDate "2023.10.10"]
[SourceVersion "1"]
[SourceVersionDate "2023.10.10"]
[SourceQuality "1"]

1. e4 e6 2. d4 d5 3. Bd2 dxe4 4. Bc3 Nf6 5. Nd2 c5 6. Ne2 cxd4 7. Nxd4 Nc6 8. Nxc6 bxc6 9. Bc4 Bc5 10. Qe2 0-0 11. Nxe4 Bd4 12. 0-0-0 e5 13. Bb4 Nxe4 14. Qxe4 Qg5+ 15. f4 Qh6 16. Bxf8 Kxf8 17. c3 Bb6 18. Qxe5 Bg4 19. Qd6+ Qxd6 20. Rxd6 Be3+ 21. Kc2 Bxf4 22. Rd4 Bf5+ 23. Bd3 Bxd3+ 24. Rxd3 Be5 25. g3 g5 26. Rhd1 Ke7 27. Re1 f6 28. Red1 Rb8 29. Rd7+ Ke6 30. Rxh7 Rb5 31. Rxa7 Kf5 32. a4 Rb8 33. a5 Kg4 34. a6 Kh3 35. Rd2 f5 36. Rf7 f4 37. gxf4 gxf4 38. a7 Rg8 39. Re2 Bd6 40. Re6 Bc5 41. Rxc6 Bg1 42. Rxf4 1-0

[Event "Titled Tuesday intern op 26th Sep Early"]
[Site "Chess.com INT"]
[Date "2023.09.26"]
[Round "7"]
[White "Haitin, Ilja"]
[Black "Hernando Rodrigo, Julio Antonio"]
[Result "1-0"]
[WhiteElo "2284"]
[BlackElo "2208"]
[PlyCount "81"]
[EventDate "2023.09.26"]
[EventType "swiss (blitz)"]
[EventRounds "11"]
[EventCountry "USA"]
[SourceTitle "EXT 2024"]
[Source "ChessBase"]
[SourceDate "2023.10.10"]
[SourceVersion "1"]
[SourceVersionDate "2023.10.10"]
[SourceQuality "1"]

1. Nf3 d5 2. e3 c5 3. b3 Nc6 4. Bb5 Bd7 5. Bb2 Nf6 6. 0-0 e6 7. d3 Bd6 8. Bxc6 Bxc6 9. Ne5 Rc8 10. Nd2 0-0 11. f4 Nd7 12. Qh5 Bxe5 13. fxe5 f6 14. exf6 Nxf6 15. Qh3 Qe7 16. Nf3 Bd7 17. Ne5 c4 18. Bd4 cxd3 19. cxd3 Rc2 20. Rac1 Rxa2 21. Rc7 Qd6 22. Rxb7 Bc8 23. Rxg7+ Kxg7 24. Ng4 e5 25. Qh6+ Kg8 26. Bxe5 Qe7 27. Nxf6+ Rxf6 28. Bxf6 Qf7 29. Bd4 Bf5 30. Qg5+ Qg6 31. Rxf5 Qxg5 32. Rxg5+ Kf7 33. Rxd5 Ke6 34. Rh5 a5 35. Rxh7 Kd5 36. h4 a4 37. bxa4 Rxa4 38. Kh2 Ra6 39. Rh5+ Kc6 40. Rh6+ Kd5 41. e4+ 1-0

[Event "Titled Tuesday intern op 19th Sep Early"]
[Site "Chess.com INT"]
[Date "2023.09.19"]
[Round "4"]
[White "Floresvillar Gonzalez, Luis Miguel"]
[Black "Haitin, Ilja"]
[Result "0-1"]
[WhiteElo "2019"]
[BlackElo "2284"]
[PlyCount "32"]
[EventDate "2023.09.19"]
[EventType "swiss (blitz)"]
[EventRounds "11"]
[EventCountry "USA"]
[SourceTitle "EXT 2024"]
[Source "ChessBase"]
[SourceDate "2023.10.10"]
[SourceVersion "1"]
[SourceVersionDate "2023.10.10"]
[SourceQuality "1"]

1. e4 e6 2. b3 d5 3. Bb2 Nc6 4. Nc3 d4 5. Nce2 e5 6. f4 Bg4 7. h3 Bh5 8. g3 Bc5 9. d3 exf4 10. gxf4 Bb4+ 11. Kf2 Qh4+ 12. Kg2 g5 13. Nf3 Bxf3+ 14. Kxf3 gxf4 15. Bxd4 Nxd4+ 16. Nxd4 Qg3+ 0-1

[Event "Titled Tuesday intern op 19th Sep Early"]
[Site "Chess.com INT"]
[Date "2023.09.19"]
[Round "6"]
[White "Guzman Lozano, Campo Elias"]
[Black "Haitin, Ilja"]
[Result "1-0"]
[WhiteElo "1837"]
[BlackElo "2284"]
[PlyCount "109"]
[EventDate "2023.09.19"]
[EventType "swiss (blitz)"]
[EventRounds "11"]
[EventCountry "USA"]
[SourceTitle "EXT 2024"]
[Source "ChessBase"]
[SourceDate "2023.10.10"]
[SourceVersion "1"]
[SourceVersionDate "2023.10.10"]
[SourceQuality "1"]

1. d4 Nf6 2. Bg5 d5 3. Nd2 e6 4. e3 Be7 5. Ngf3 h6 6. Bxf6 Bxf6 7. Bd3 b6 8. 0-0 0-0 9. Ne5 Bb7 10. f4 c5 11. c3 Nd7 12. Qh5 Be7 13. Rf3 Nf6 14. Qh3 Ne4 15. Bxe4 dxe4 16. Rg3 Kh7 17. Qh5 cxd4 18. cxd4 Rc8 19. Re1 Rc2 20. Nf1 Qe8 21. f5 Bf6 22. fxe6 Qxe6 23. Ng4 Bg5 24. h4 Bd8 25. Qe5 Qxe5 26. Nxe5 Bc7 27. Rg4 h5 28. Rf4 f6 29. Rf5 Kg8 30. Nd7 Rd8 31. Nxf6+ gxf6 32. Rxh5 Rd7 33. Rf5 Rg7 34. g3 Bxg3 35. Nxg3 Rxg3+ 36. Kh1 Rh3+ 37. Kg1 Rg3+ 38. Kh1 Rh3+ 39. Kg1 Rxh4 40. Rxf6 Rg4+ 41. Kh1 Rh4+ 42. Kg1 Rhh2 43. Rg6+ Kf7 44. Rg4 Ke6 45. Rf1 Rxb2 46. Rg6+ Kd5 47. Rg5+ Kc4 48. Rc1+ Kd3 49. Rg7 Ba6 50. d5 Kxe3 51. d6 Rbd2 52. d7 Rh6 53. Rc3+ Kf4 54. Rf7+ Ke5 55. Rc8 1-0

[Event "Titled Tuesday intern op 19th Sep Early"]
[Site "Chess.com INT"]
[Date "2023.09.19"]
[Round "2"]
[White "Haitin, Ilja"]
[Black "Dilmukhametov, Artur"]
[Result "0-1"]
[WhiteElo "2284"]
[BlackElo "2276"]
[PlyCount "106"]
[EventDate "2023.09.19"]
[EventType "swiss (blitz)"]
[EventRounds "11"]
[EventCountry "USA"]
[SourceTitle "EXT 2024"]
[Source "ChessBase"]
[SourceDate "2023.10.10"]
[SourceVersion "1"]
[SourceVersionDate "2023.10.10"]
[SourceQuality "1"]

1. d4 d5 2. c4 c6 3. cxd5 cxd5 4. Nf3 Nc6 5. Nc3 Nf6 6. Bf4 Bf5 7. e3 e6 8. Bb5 Nd7 9. 0-0 Be7 10. Bxc6 bxc6 11. Na4 0-0 12. Rc1 Rc8 13. Ne5 Nxe5 14. Bxe5 Qa5 15. b3 Ba3 16. Rc3 Bb4 17. Rc1 Ba3 18. Ra1 f6 19. Bg3 Rfe8 20. f3 e5 21. Be1 Qa6 22. Bc3 exd4 23. Bxd4 c5 24. Bxc5 Bxc5 25. Qxd5+ Be6 26. Nxc5 Qb5 27. Qxe6+ Rxe6 28. Nxe6 Qe5 29. Nxg7 Qxe3+ 30. Kh1 Kxg7 31. Rae1 Qd2 32. Re7+ Kg6 33. Rxa7 Rc2 34. Rg1 Rc1 35. Re7 Rxg1+ 36. Kxg1 Qc1+ 37. Kf2 Qc5+ 38. Re3 f5 39. f4 Qd4 40. Kf3 Qd1+ 41. Re2 Qf1+ 42. Ke3 Qg1+ 43. Kf3 Qxh2 44. g3 Qh1+ 45. Ke3 Qc1+ 46. Kf3 Qc3+ 47. Kg2 Qd3 48. Re6+ Kf7 49. Re5 Kg6 50. Kh3 Qb1 51. Kg2 Qxa2+ 52. Kh3 Qxb3 53. Re2 Qf3 0-1

[Event "Titled Tuesday intern op 19th Sep Late"]
[Site "Chess.com INT"]
[Date "2023.09.19"]
[Round "11"]
[White "Medeiros, Francisco de Assis"]
[Black "Haitin, Ilja"]
[Result "1/2-1/2"]
[WhiteElo "2075"]
[BlackElo "2284"]
[PlyCount "92"]
[EventDate "2023.09.19"]
[EventType "swiss (blitz)"]
[EventRounds "11"]
[EventCountry "USA"]
[SourceTitle "EXT 2024"]
[Source "ChessBase"]
[SourceDate "2023.10.10"]
[SourceVersion "1"]
[SourceVersionDate "2023.10.10"]
[SourceQuality "1"]

1. d4 Nf6 2. Nf3 e6 3. Bg5 b6 4. Nbd2 Bb7 5. e3 Be7 6. Bd3 h6 7. Bh4 d5 8. 0-0 Nbd7 9. c3 0-0 10. Ne5 Nxe5 11. dxe5 Nd7 12. Bxe7 Qxe7 13. f4 Nc5 14. Bc2 Ne4 15. Bxe4 dxe4 16. Qa4 Qe8 17. Qc4 Rd8 18. Nb3 Rd3 19. Rfe1 a5 20. Qxc7 Qc6 21. Qxc6 Bxc6 22. Rad1 f6 23. exf6 gxf6 24. Nd4 Bd5 25. Rxd3 exd3 26. Rd1 e5 27. Nf5 Bxa2 28. Nxh6+ Kh7 29. Nf5 e4 30. g4 Bb3 31. Rd2 Kg6 32. Ng3 Bd5 33. h4 Kf7 34. Kf2 b5 35. g5 fxg5 36. hxg5 Kg6 37. Rd1 Rh8 38. Rh1 Rxh1 39. Nxh1 Kh5 40. Ng3+ Kg4 41. Nf1 b4 42. cxb4 axb4 43. Nd2 Bc6 44. Nf1 Bd5 45. Nh2+ Kh3 46. Nf1 Kg4 1/2-1/2

[Event "Titled Tuesday intern op 19th Sep Early"]
[Site "Chess.com INT"]
[Date "2023.09.19"]
[Round "11"]
[White "Shubenkova, Veronika"]
[Black "Haitin, Ilja"]
[Result "0-1"]
[WhiteElo "2008"]
[BlackElo "2284"]
[PlyCount "60"]
[EventDate "2023.09.19"]
[EventType "swiss (blitz)"]
[EventRounds "11"]
[EventCountry "USA"]
[SourceTitle "EXT 2024"]
[Source "ChessBase"]
[SourceDate "2023.10.10"]
[SourceVersion "1"]
[SourceVersionDate "2023.10.10"]
[SourceQuality "1"]

1. c4 e6 2. d4 Nf6 3. a3 d5 4. cxd5 exd5 5. Nc3 c6 6. Nf3 Bf5 7. e3 Bd6 8. Bd3 Bxd3 9. Qxd3 Nbd7 10. 0-0 0-0 11. h3 Qe7 12. Nd2 Rae8 13. b4 a6 14. Bb2 Ne4 15. Ndxe4 dxe4 16. Qc2 Bb8 17. Ne2 Nb6 18. Qc5 Qc7 19. Ng3 Nd5 20. Rac1 h5 21. h4 Qd8 22. Nf5 Qf6 23. Ng3 Qxh4 24. Rce1 Re6 25. Qc2 Rg6 26. Bc1 f5 27. Qe2 Rxg3 28. fxg3 Bxg3 29. Rf2 Qh2+ 30. Kf1 Qh1# 0-1

[Event "Titled Tuesday intern op 05th Sep Early"]
[Site "Chess.com INT"]
[Date "2023.09.05"]
[Round "7"]
[White "Domingo Nunez, Alejandro"]
[Black "Haitin, Ilja"]
[Result "1-0"]
[WhiteElo "2313"]
[BlackElo "2284"]
[PlyCount "59"]
[EventDate "2023.09.05"]
[EventType "swiss (blitz)"]
[EventRounds "11"]
[EventCountry "USA"]
[SourceTitle "EXT 2024"]
[Source "ChessBase"]
[SourceDate "2023.10.10"]
[SourceVersion "1"]
[SourceVersionDate "2023.10.10"]
[SourceQuality "1"]

1. Nf3 Nf6 2. g3 b6 3. Bg2 Bb7 4. 0-0 g6 5. d4 Bg7 6. c4 0-0 7. d5 Na6 8. Nc3 Nc5 9. Nd4 a5 10. e4 d6 11. h3 Qd7 12. Be3 e5 13. dxe6 fxe6 14. Qc2 e5 15. Nde2 Ne6 16. Rad1 c5 17. Na4 Qc7 18. Nec3 Nd4 19. Nb5 Qd8 20. Bxd4 exd4 21. e5 Bxg2 22. exf6 Bxf1 23. fxg7 Kxg7 24. Rxf1 Rf3 25. Qe4 Qf8 26. Nxd6 Ra7 27. Nxb6 Re7 28. Qd5 Re2 29. Nd7 Rfxf2 30. Nxf8 1-0

[Event "Titled Tuesday intern op 05th Sep Early"]
[Site "Chess.com INT"]
[Date "2023.09.05"]
[Round "10"]
[White "Estrada Nieto, Julian"]
[Black "Haitin, Ilja"]
[Result "1/2-1/2"]
[WhiteElo "2212"]
[BlackElo "2284"]
[PlyCount "95"]
[EventDate "2023.09.05"]
[EventType "swiss (blitz)"]
[EventRounds "11"]
[EventCountry "USA"]
[SourceTitle "EXT 2024"]
[Source "ChessBase"]
[SourceDate "2023.10.10"]
[SourceVersion "1"]
[SourceVersionDate "2023.10.10"]
[SourceQuality "1"]

1. e4 e6 2. d4 d5 3. Nd2 Be7 4. Bd3 c5 5. dxc5 Bxc5 6. Ngf3 Nf6 7. Qe2 0-0 8. 0-0 Nc6 9. e5 Nd7 10. Nb3 Be7 11. Bf4 h6 12. Rfe1 Re8 13. Rad1 Nc5 14. Nxc5 Bxc5 15. c3 Rb8 16. Bb1 Ne7 17. Bg3 Nf5 18. Bxf5 exf5 19. e6 Bxe6 20. Bxb8 Qxb8 21. Nd4 Bxd4 22. Rxd4 b5 23. Qd2 a5 24. h3 Rc8 25. a4 Rc4 26. Ra1 bxa4 27. Rxc4 dxc4 28. Rxa4 Qe5 29. Ra1 f4 30. Re1 Qg5 31. g3 fxg3 32. Qxg5 gxf2+ 33. Kxf2 hxg5 34. Kg3 a4 35. Re5 g6 36. Rxg5 Bf5 37. Kh2 Bc2 38. Rc5 Bb3 39. Kg3 Kg7 40. Rc6 Kh7 41. h4 Kg7 42. Kf4 Ba2 43. Kg5 Bb3 44. Ra6 Bc2 45. Rc6 Bb3 46. Ra6 Bc2 47. Kf4 Bb3 48. Kg5 1/2-1/2

[Event "Titled Tuesday intern op 05th Sep Early"]
[Site "Chess.com INT"]
[Date "2023.09.05"]
[Round "1"]
[White "Haitin, Ilja"]
[Black "Ovetchkin, Roman"]
[Result "1-0"]
[WhiteElo "2284"]
[BlackElo "2518"]
[PlyCount "95"]
[EventDate "2023.09.05"]
[EventType "swiss (blitz)"]
[EventRounds "11"]
[EventCountry "USA"]
[SourceTitle "EXT 2024"]
[Source "ChessBase"]
[SourceDate "2023.10.10"]
[SourceVersion "1"]
[SourceVersionDate "2023.10.10"]
[SourceQuality "1"]

1. d4 Nf6 2. Nf3 d5 3. c4 e6 4. cxd5 exd5 5. Qc2 c6 6. Nc3 Na6 7. Bg5 Be7 8. a3 Nc7 9. e3 g6 10. Bd3 Ne6 11. Bh4 Ng7 12. 0-0 0-0 13. b4 a6 14. Rab1 Bf5 15. Bxf6 Bxf6 16. a4 b5 17. a5 Re8 18. Ne2 Bxd3 19. Qxd3 Nf5 20. Rfc1 Rc8 21. Nd2 Nd6 22. Nb3 Nc4 23. Nc5 Ra8 24. Ng3 Ra7 25. Nf1 Bg7 26. Rd1 Qg5 27. Nd2 h5 28. Nxc4 dxc4 29. Qe2 Bf8 30. Qf3 Bxc5 31. Qxc6 Re6 32. Qxc5 Qxc5 33. dxc5 Kf8 34. Kf1 Ke7 35. Ke2 Rd7 36. f3 f5 37. Rxd7+ Kxd7 38. Rd1+ Kc7 39. Rd5 h4 40. Rd4 g5 41. Rd5 Rf6 42. Kd2 g4 43. f4 Kc6 44. Rd4 Re6 45. Rd8 Re7 46. Rd6+ Kb7 47. Rd5 Rf7 48. Kc3 1-0

[Event "Titled Tuesday intern op 05th Sep Late"]
[Site "Chess.com INT"]
[Date "2023.09.05"]
[Round "7"]
[White "Juergens, Vera"]
[Black "Haitin, Ilja"]
[Result "1-0"]
[WhiteElo "2270"]
[BlackElo "2284"]
[PlyCount "89"]
[EventDate "2023.09.05"]
[EventType "swiss (blitz)"]
[EventRounds "11"]
[EventCountry "USA"]
[SourceTitle "EXT 2024"]
[Source "ChessBase"]
[SourceDate "2023.10.10"]
[SourceVersion "1"]
[SourceVersionDate "2023.10.10"]
[SourceQuality "1"]

1. e4 e6 2. d3 d5 3. e5 Nc6 4. f4 h5 5. Nf3 Nh6 6. g3 Nf5 7. c3 Be7 8. Bg2 h4 9. g4 h3 10. Bf1 Nh4 11. Be3 Nxf3+ 12. Qxf3 Bh4+ 13. Bf2 d4 14. c4 Nb4 15. Na3 Bd7 16. Rg1 Bc6 17. Qe2 a6 18. Qd2 Qe7 19. 0-0-0 Nxa2+ 20. Kb1 Nb4 21. Bxd4 0-0-0 22. Qe3 a5 23. Bc5 Qd7 24. d4 b6 25. Bxb4 axb4 26. Nc2 b3 27. Qxb3 Be4 28. Rd2 Qc6 29. Bd3 Bg2 30. Qa3 g5 31. f5 Kb7 32. Rc1 Ra8 33. Qb3 Qa4 34. Qxa4 Rxa4 35. c5 Bd5 36. Na3 Rha8 37. Bc4 c6 38. Bxd5 cxd5 39. Rd3 b5 40. Rxh3 b4 41. Rb3 Kc6 42. Nc2 Bf2 43. Rxb4 Rxb4 44. Nxb4+ Kb5 45. Nc2 1-0

[Event "Titled Tuesday intern op 05th Sep Late"]
[Site "Chess.com INT"]
[Date "2023.09.05"]
[Round "5"]
[White "Van Baar, Esper"]
[Black "Haitin, Ilja"]
[Result "1-0"]
[WhiteElo "2176"]
[BlackElo "2284"]
[PlyCount "95"]
[EventDate "2023.09.05"]
[EventType "swiss (blitz)"]
[EventRounds "11"]
[EventCountry "USA"]
[SourceTitle "EXT 2024"]
[Source "ChessBase"]
[SourceDate "2023.10.10"]
[SourceVersion "1"]
[SourceVersionDate "2023.10.10"]
[SourceQuality "1"]

1. e4 e6 2. d4 d5 3. Nd2 Be7 4. c3 c5 5. e5 Nc6 6. Ndf3 cxd4 7. cxd4 g5 8. h3 h5 9. Bd3 Bd7 10. Ne2 Rc8 11. Bd2 Qb6 12. Bc3 a5 13. Qb3 Qa7 14. Bb5 Nh6 15. 0-0-0 Nb4 16. Bxd7+ Kxd7 17. Qa4+ Kd8 18. Kb1 Nf5 19. g4 Nh4 20. Nxh4 gxh4 21. gxh5 Rxh5 22. Rhg1 Rh8 23. Rg7 Qa6 24. Nc1 b5 25. Qa3 Nd3 26. Qxa5+ Qxa5 27. Bxa5+ Ke8 28. Rxd3 b4 29. Rb3 Rh5 30. Bxb4 Bg5 31. Rg8+ Kd7 32. Rxc8 Kxc8 33. Rc3+ Kb7 34. Rf3 Rh7 35. Kc2 Kb6 36. Bd2 Be7 37. Nd3 Kc6 38. Bb4 Bd8 39. Bc5 Bc7 40. a4 Rg7 41. b4 Rg1 42. b5+ Kb7 43. Rxf7 Kc8 44. b6 Bd8 45. b7+ Kb8 46. Bd6+ Ka7 47. b8Q+ Ka6 48. Qa7# 1-0

[Event "Titled Tuesday intern op 22nd Aug Late"]
[Site "Chess.com INT"]
[Date "2023.08.22"]
[Round "3"]
[White "Penagalapati, Abhinav"]
[Black "Haitin, Ilja"]
[Result "1-0"]
[WhiteElo "2259"]
[BlackElo "2284"]
[PlyCount "85"]
[EventDate "2023.08.22"]
[EventType "swiss (blitz)"]
[EventRounds "11"]
[EventCountry "USA"]
[SourceTitle "EXT 2024"]
[Source "ChessBase"]
[SourceDate "2023.10.10"]
[SourceVersion "1"]
[SourceVersionDate "2023.10.10"]
[SourceQuality "1"]

1. Nf3 Nf6 2. g3 b6 3. Bg2 Bb7 4. 0-0 e6 5. b3 Be7 6. Bb2 0-0 7. d3 c5 8. c4 Nc6 9. Nbd2 d5 10. Rc1 d4 11. Re1 e5 12. Nf1 Bd6 13. N3d2 Qc7 14. e3 Rae8 15. Qc2 Nb4 16. Qb1 Bxg2 17. Kxg2 h5 18. a3 Nc6 19. Nf3 Qb7 20. N1d2 a5 21. Qc2 h4 22. Qd1 g5 23. Nxg5 Nb4+ 24. Nde4 Na2 25. Ra1 Nc3 26. Qf3 Nfxe4 27. dxe4 f6 28. Nh3 Qg7 29. Bxc3 dxc3 30. Kh1 f5 31. Rg1 fxe4 32. Qxe4 Qh7 33. Qd5+ Kh8 34. Ng5 Qg6 35. Ne4 Be7 36. Nxc3 h3 37. Qe4 Qxe4+ 38. Nxe4 Rd8 39. Rad1 Kg7 40. Rge1 Kg6 41. Kg1 Kf5 42. Nc3 e4 43. Nd5 1-0